000 00547nam a22001937a 4500
005 20250812111945.0
010 _aENG-146472
020 _a9788119524068
_c450.00
035 _aEN-130004
037 _bDBAD
082 _aN
100 _aOnyekachi, Eze Solomon
_984074
245 _aThe MISSING DEAD/
_cGodfred Nana Kruentsi Ogoe
250 _a1
260 _aKolkata
_bEXCELLER BOOKS A GLOBAL PRESS
_c2023
270 _aG1 Dream Apartment Degree College Road
_bBelgharia
_e700056
300 _a227p.
_c22cm(pb)
942 _2ddc
_cEN
_hN
_mOny
999 _c213010
_d213010